Egy mozi világában
| Szerző: | |
|---|---|
| További közreműködők: | |
| Dokumentumtípus: | Projektmunka |
| Kulcsszavak: | árukészlet csoportkommunikáció eladás - értékesítés emberek vezetése vendéglátás |
| Online Access: | http://dolgozattar.uni-bge.hu/59804 |
MARC
| LEADER | 00000nnm a2200000 i 4500 | ||
|---|---|---|---|
| 001 | dolg59804 | ||
| 005 | 20260409145602.0 | ||
| 008 | 260409suuuu hu o 000 hun d | ||
| 040 | |a BGE Dolgozattár Repozitórium |b hun | ||
| 041 | |a hu | ||
| 100 | 1 | |a Laczik Linda Evelin | |
| 245 | 1 | 0 | |a Egy mozi világában |c Laczik Linda Evelin |h [elektronikus dokumentum] |
| 516 | |a Project_work | ||
| 520 | 3 | |a A projektmunkámban szeretném részletesen kifejteni, hogy hol végeztem a szakmai gyakorlatomat és mit csináltam. Műszakvezető vagyok két helyen ez moziban büfé és vip területen. A hozzánk ellátogató nézőket szolgáljuk ki és igyekszünk minél kellemesebbé tenni a mozizásukat. Bárki, aki ellátogat hozzánk a nagyrészük vásárol a büfében valami snacket vagy édességet a filmnézés mellé. Bemutatom külön-külön a pozíciókat és a feladatköröket. Kitérek az árupakolásra és az egyéb munkán kívüli programok szervezésére. | |
| 695 | |a árukészlet | ||
| 695 | |a csoportkommunikáció | ||
| 695 | |a eladás - értékesítés | ||
| 695 | |a emberek vezetése | ||
| 695 | |a vendéglátás | ||
| 700 | 1 | |a Lipák Mária |e ths | |
| 856 | 4 | 0 | |u http://dolgozattar.uni-bge.hu/59804/1/Egy%20mozi%20vil%C3%A1g%C3%A1ban%20projekt.pdf |z Dokumentum-elérés |
| 856 | 4 | 0 | |u http://dolgozattar.uni-bge.hu/59804/2/LaczikBir.pdf |z Dokumentum-elérés |